LIBRARY & INFORMATION CENTRE, KCAET, TAVANUR

ONLINE PUBLIC ACCESS CATALOGUE (OPAC)

Explorations (Record no. 2700)

MARC details
000 -LEADER
fixed length control field 00335cam a2200157ua 4500
041 ## - LANGUAGE CODE
Language code of text/sound track or separate title eng
082 ## - DEWEY DECIMAL CLASSIFICATION NUMBER
Classification number 828.09
Item number KNI/EX
100 ## - MAIN ENTRY--AUTHOR NAME
Personal name Knight, L.C .
245 ## - TITLE STATEMENT
Title Explorations
260 ## - PUBLICATION, DISTRIBUTION, ETC. (IMPRINT)
Place of publication London :
Name of publisher Chatto and winds ,
Year of publication 1963.
300 ## - PHYSICAL DESCRIPTION
Number of Pages 198 ; .
942 ## - ADDED ENTRY ELEMENTS (KOHA)
Koha item type Books
Holdings
Withdrawn status Lost status Damaged status Home library Current library Date acquired Full call number Accession Number Koha item type Cost, normal purchase price Public note
Withdrawn     KAUAET Sanskrit University 07/04/2012 828.09 11852 Books    
Withdrawn     KAUAET Sanskrit University 07/04/2012 828.09 6973 Books 15.00 Transferred to Sanskrit University
free website counter